000 01806nam a2200241Ia 4500
008 260220t9999||||xx |||||||||||||| ||spa||
040 _aPY-SlUNAC
_bspa
_erda
041 _aspa
082 _a598.2
_bC768g
100 _aContreras, Andres Oscar
_eAutor
245 0 _aGuirapon o guira campana :
_becología, biología, etología, folklore, mitos y leyendas /
_cpor Andres Oscar Contreras [Autor]
264 _aPilar :
_bAsociación Hombre y Naturaleza,
_c[Fecha de publicación no identificada].
300 _a1 volumen
520 _aEn "Guirapon o guira campana", Andrés Oscar Contreras explora de manera exhaustiva la ecología, biología y etología del guirapo, un ave emblemática de la región. El autor ofrece un análisis detallado de su hábitat, comportamiento y características biológicas, destacando su importancia en el ecosistema local. Además, el libro se adentra en el folklore asociado a esta especie, recopilando mitos y leyendas que reflejan la relación cultural entre los humanos y el guirapo. A través de un enfoque interdisciplinario, Contreras examina cómo estas narrativas populares influyen en la percepción y conservación del ave, subrayando la necesidad de integrar el conocimiento científico con la sabiduría tradicional. Este texto no solo es una contribución significativa a la ornitología y la ecología, sino que también invita a reflexionar sobre el papel de la cultura en la conservación de la biodiversidad, ofreciendo una visión holística que enriquece tanto el campo científico como el ámbito cultural.
653 _aBiología
653 _aEcología
653 _aFolclor
942 _b2026/02/17
_cBK
999 _c8365
_d8365